LIBRARY ONLINE CATALOGUE

Management accounting / (Record no. 5864)

MARC details
000 -LEADER
fixed length control field 00823cam a22002532 4500
001 - CONTROL NUMBER
control field 0000002452
005 - DATE AND TIME OF LATEST TRANSACTION
control field 20151217151854.0
008 - FIXED-LENGTH DATA ELEMENTS--GENERAL INFORMATION
fixed length control field 070411s xx 000 0 eng d
020 ## - INTERNATIONAL STANDARD BOOK NUMBER
International Standard Book Number 0324002262 (alk. paper) :
020 ## - INTERNATIONAL STANDARD BOOK NUMBER
International Standard Book Number 0538856300
040 ## - CATALOGING SOURCE
Original cataloging agency KABU
Transcribing agency KABU
050 #0 - LIBRARY OF CONGRESS CALL NUMBER
Classification number HF5657.4
Item number .H36 1997
100 1# - MAIN ENTRY--PERSONAL NAME
Personal name Hansen, Don R.
-- 0000151820
245 10 - TITLE STATEMENT
Title Management accounting /
Statement of responsibility, etc. Don R. Hansen, Maryanne M. Mowen.
250 ## - EDITION STATEMENT
Edition statement 4th ed.
260 ## - PUBLICATION, DISTRIBUTION, ETC. (IMPRINT)
Place of publication, distribution, etc. Cincinnati :
Name of publisher, distributor, etc. South-Western College Publishing,
Date of publication, distribution, etc. c1997.
300 ## - PHYSICAL DESCRIPTION
Extent xxx, 808 p. :
Other physical details col. ill. ;
Dimensions 29 cm.
504 ## - BIBLIOGRAPHY, ETC. NOTE
Bibliography, etc Includes bibliographical references and index.
650 #0 - SUBJECT ADDED ENTRY--TOPICAL TERM
Topical term or geographic name as entry element Managerial accounting.
-- 0000151472
700 1# - ADDED ENTRY--PERSONAL NAME
Personal name Mowen, Maryanne M.
-- 0000151821
908 ## - PUT COMMAND PARAMETER (RLIN)
Put command parameter 070411
950 ## - LOCAL HOLDINGS (RLIN)
-- 1
Holdings
Withdrawn status Lost status Source of classification or shelving scheme Not for loan Home library Current library Date acquired Total Checkouts Full call number Barcode Date last seen Price effective from Koha item type
    Library of Congress Classification   Kabarak, Main Campus Kabarak, Main Campus 17/12/2015   HF5657.4 .H36 1997 003332 17/12/2015 17/12/2015 General Collection